Návrh riešenia ergonomickej racionalizácie na poloautomatizovanej montážnej linke V9 v podniku ZF Slovakia, a.s.
Na minha lista:
| Autor principal: | |
|---|---|
| Outros Autores: | |
| Formato: | Manuscrito Livro |
| Idioma: | eslovaco |
| Publicado em: |
2017
|
| Assuntos: | |
| Acesso em linha: | http://is.stuba.sk/zp/portal_zp.pl?podrobnosti=127147 |
| Tags: |
Sem tags, seja o primeiro a adicionar uma tag!
|
MARC
| LEADER | 00000ntm a22000003a 4500 | ||
|---|---|---|---|
| 001 | stuzp62189 | ||
| 003 | SK-STU | ||
| 005 | 20170603210324.4 | ||
| 007 | ta | ||
| 008 | 150427s2015----xo-----f-mn---000-0-slo-d | ||
| 040 | |a STU |b slo | ||
| 041 | 0 | |a slo | |
| 100 | 1 | |a Šubová, Marianna |u 064000 |k Z4 |4 aut |U MTF Materiálovotechnologická fakulta |T MTF Ústav priemyselného inžinierstva a manažmentu |X 47305 |U M4000 |Y 84 |7 47305 | |
| 242 | 0 | 1 | |a Propose measures to improve the education system newly hired production staff at the department PKW in the company ZF Slovakia |y eng |
| 245 | 1 | 0 | |a Návrh riešenia ergonomickej racionalizácie na poloautomatizovanej montážnej linke V9 v podniku ZF Slovakia, a.s. |
| 260 | |c 2017 | ||
| 650 | 4 | |a ergonómia |2 slo | |
| 650 | 4 | |a ergonomická racionalizácia |2 slo | |
| 650 | 4 | |a poloautomatizovaná montážna linka |2 slo | |
| 650 | 4 | |a ergonomics |2 eng | |
| 650 | 4 | |a ergonomic rationalization |2 eng | |
| 650 | 4 | |a semi-automated assembly line |2 eng | |
| 700 | 1 | |a Marková, Petra |u 064000 |k Z1 |4 ths |U MTF Materiálovotechnologická fakulta |T MTF Ústav priemyselného inžinierstva a manažmentu |X 27920 |U M4000 |Y 84 |7 A000027920 | |
| 856 | 4 | |u http://is.stuba.sk/zp/portal_zp.pl?podrobnosti=127147 | |
| 996 | |c M* DP-13291 |l MMSKP |s P |a 0 |w stuzp62189_0001 | ||